La clave (Record no. 162947)

MARC details
000 -LEADER
campo de control de longitud fija 01272nam a22002655i 4500
001 - NÚMERO DE CONTROL
campo de control 162947
003 - IDENTIFICADOR DE NÚMERO DE CONTROL
campo de control ES-MaACL
005 - FECHA Y HORA DE LA ÚLTIMA TRANSACCIÓN
campo de control 20250715063127.0
008 - DATOS DE LONGITUD FIJA--INFORMACIÓN GENERAL
campo de control de longitud fija 000405s1875 sp |||| | spa d
040 ## - FUENTE DE CATALOGACIÓN
Centro catalogador/agencia de origen CAM
Lengua de catalogación spa
Centro/agencia transcriptor CAM
080 ## - NÚMERO DE LA CLASIFICACIÓN DECIMAL UNIVERSAL
Número de la Clasificación Decimal Universal 821.134.2-293"18"
100 1# - ENTRADA PRINCIPAL--NOMBRE DE PERSONA
Nombre de persona Ramos Carrión, Miguel,
Fechas asociadas al nombre 1848-1915
9 (RLIN) 95293
245 13 - MENCIÓN DEL TÍTULO
Título La clave
Resto del título : zarzuela en dos actos y en prosa /
Mención de responsabilidad, etc. letra de Ramos Carrión y Campo-Arana ; música del maestro Caballero.
260 ## - PUBLICACIÓN, DISTRIBUCIÓN, ETC.
Lugar de publicación, distribución, etc. Madrid :
Nombre del editor, distribuidor, etc. [Administración lírico-dramática],
Fecha de publicación, distribución, etc. 1875 (
Fabricante Imprenta de José Rodriguez)
300 ## - DESCRIPCIÓN FÍSICA
Extensión 62 p. ;
Dimensiones 19 cm.
500 ## - NOTA GENERAL
Nota general En port.: Estrenada en el Teatro del Principe Alfonso el 26 de junio de 1875.
500 ## - NOTA GENERAL
Nota general Solo el texto.
530 ## - NOTA DISPONIBLE DE FORMULARIO FÍSICO ADICIONAL
Nota de formato físico adicional disponible Disponible también en sitio web.
596 ## - NOTA AL PIE DE IMPRENTA
NOTA AL PIE DE IMPRENTA Ed. tomado de la cub.
700 11 - ENTRADA AGREGADA--NOMBRE PERSONAL
Nombre de persona Campo Arana, José,
Fechas asociadas al nombre 1847-1885
9 (RLIN) 34206
700 0# - ENTRADA AGREGADA--NOMBRE PERSONAL
Nombre de persona Fernández Caballero, Manuel.
9 (RLIN) 49531
852 ## - LOCALIZACIÓN
Ubicación ES-MaACL
Número de control de estantería F-8562(6)
Nota libre -- Enc. pasta española
condición física -- Falto de la cub. original
Nota libre -- Enc. en un vol. facticio formando parte de la col. facticia "Teatro español moderno", vol. 14
856 ## - LOCALIZACIÓN Y ACCESO ELECTRÓNICOS
Identificador Uniforme de Recursos <a href="http://bibliotecadigitalhispanica.bne.es:80/webclient/DeliveryManager?pid=3312836&custom_att_2=simple_viewer">http://bibliotecadigitalhispanica.bne.es:80/webclient/DeliveryManager?pid=3312836&custom_att_2=simple_viewer</a>
Nota pública Ir a la página
Holdings
Estatus retirado Estado de pérdida Estado de daño No para préstamo Colección Biblioteca de origen Biblioteca actual Ubicación en estantería Fecha de adquisición Fuente de adquisición Total de préstamos Signatura topográfica completa Código de barras Visto por última vez Precio de reemplazo Tipo de ítem Koha
        Colección digital Biblioteca del Ateneo de Madrid Biblioteca del Ateneo de Madrid Sala Pecera Planta 2 17/01/2008     F-8562 1170727 23/02/2023 23/02/2023 Libro impreso antiguo